000 00648nam a2200205Ia 4500
008 191130s2005##################000#0#eng##
020 _a9781594510878
022 _a2005004720
040 _aACL
_cACL
082 _a306.42 STE
100 _aStehr, Nico
245 _aKnowledge politics : governing the consequences of science and technology
_cNico Stehr
260 _aBoulder
_bParadigm Publishers
_cc2005
300 _aix, 242 p. ; 24 cm
500 _aIncludes bibliographical references (p. 209-236) and indexes
650 _aKnowledge, Sociology of
990 _abd94ae5dac10000c517573d2c92eccb5
991 _a229453
999 _c227041
_d227041